000 00318nam a2200121Ia 4500
008 230907s9999||||xx |||||||||||||| ||und||
082 _a891.439
_bHAQ
245 0 _aعشق کا عین , Ishq ka ain /
260 _aKhazeena Ilm O Adab,
_bLahore :
_c2010
300 _a304 p.
650 _aUrdu Literature.
942 _cBK
999 _c599685
_d599685